Financial Risk Management for Islamic Banking and Finance / (Record no. 17358)
[ view plain ]
| 000 -LEADER | |
|---|---|
| fixed length control field | 01849cam a2200313 a 4500 |
| 001 - CONTROL NUMBER | |
| control field | 15094707 |
| 005 - DATE AND TIME OF LATEST TRANSACTION | |
| control field | 20160829140815.0 |
| 008 - FIXED-LENGTH DATA ELEMENTS--GENERAL INFORMATION | |
| fixed length control field | 071127s2008 enka b 001 0 eng |
| 010 ## - LIBRARY OF CONGRESS CONTROL NUMBER | |
| LC control number | 2007048693 |
| 020 ## - INTERNATIONAL STANDARD BOOK NUMBER | |
| International Standard Book Number | 0230553818 (alk. paper) |
| 020 ## - INTERNATIONAL STANDARD BOOK NUMBER | |
| International Standard Book Number | 9780230553811 (alk. paper) |
| 082 00 - DEWEY DECIMAL CLASSIFICATION NUMBER | |
| Classification number | 332.10681 |
| Edition number | 22 |
| Item number | AKK |
| 100 1# - MAIN ENTRY--PERSONAL NAME | |
| Personal name | Akkizidis, Ioannis S. |
| 9 (RLIN) | 32836 |
| 245 10 - TITLE STATEMENT | |
| Title | Financial Risk Management for Islamic Banking and Finance / |
| Statement of responsibility, etc | Ioannis Akkizidis and Sunil Kumar Khandelwal. |
| 260 ## - PUBLICATION, DISTRIBUTION, ETC. (IMPRINT) | |
| Place of publication, distribution, etc | Houndmills, Basingstoke, Hampshire ; |
| -- | New York : |
| Name of publisher, distributor, etc | Palgrave Macmillan, |
| Date of publication, distribution, etc | 2008. |
| 300 ## - PHYSICAL DESCRIPTION | |
| Extent | xxix, 220 p. : |
| Other physical details | ill. ; |
| Dimensions | 25 cm. |
| 490 1# - Series Statement | |
| Series statement | Palgrave Macmillan finance and capital markets series |
| 504 ## - BIBLIOGRAPHY, ETC. NOTE | |
| Bibliography, etc | Includes bibliographical references and index. |
| 505 0# - FORMATTED CONTENTS NOTE | |
| Formatted contents note | Principles of Islamic finance -- Risk management issues in Islamic financial contracts -- Basel II and IFSB for Islamic financial risk -- Credit risks in Islamic finance -- Market risks in Islamic finance -- Operational risk in Islamic finance. |
| 520 1# - SUMMARY, ETC. | |
| Summary, etc | "Risk management for Islamic banking financial products and services is one of the greatest challenges that many westernised, as well as Islamic banks, are facing today. This book presents a common framework on how to efficiently manage the risks faced and minimise the overall degree of Islamic financial risks. It is a valuable guide for those working in both non-Islamic and Islamic finance."--BOOK JACKET. |
| 650 #0 - SUBJECT ADDED ENTRY--TOPICAL TERM | |
| Topical term or geographic name as entry element | Financial risk management |
| Geographic subdivision | Islamic countries. |
| 9 (RLIN) | 32837 |
| 650 #0 - SUBJECT ADDED ENTRY--TOPICAL TERM | |
| Topical term or geographic name as entry element | Banks and banking |
| Geographic subdivision | Islamic countries. |
| 9 (RLIN) | 28054 |
| 650 #0 - SUBJECT ADDED ENTRY--TOPICAL TERM | |
| Topical term or geographic name as entry element | Banks and banking |
| General subdivision | Religious aspects |
| -- | Islam. |
| 9 (RLIN) | 32829 |
| 650 #0 - SUBJECT ADDED ENTRY--TOPICAL TERM | |
| Topical term or geographic name as entry element | Finance |
| General subdivision | Religious aspects |
| -- | Islam. |
| 9 (RLIN) | 28658 |
| 653 ## - INDEX TERM--UNCONTROLLED | |
| Resource For college | |
| Arrived date list | March2013 |
| 650 #0 - SUBJECT ADDED ENTRY--TOPICAL TERM | |
| 9 (RLIN) | 32713 |
| Topical term or geographic name as entry element | Finance |
| Geographic subdivision | Islamic countries |
| 700 1# - ADDED ENTRY--PERSONAL NAME | |
| Personal name | Khandelwal, Sunil Kumar, |
| Dates associated with a name | 1967- |
| 9 (RLIN) | 32838 |
| 942 ## - ADDED ENTRY ELEMENTS (KOHA) | |
| Source of classification or shelving scheme | Dewey Decimal Classification |
| Item type | Book - Borrowing |
| Withdrawn status | Item status | Source of classification or shelving scheme | Damaged status | Not for loan | Vendor | Home library | Current library | Shelving location | Date acquired | Source of acquisition | Total Checkouts | Total Renewals | Full call number | Barcode | Date last seen | Date last borrowed | Koha item type |
|---|---|---|---|---|---|---|---|---|---|---|---|---|---|---|---|---|---|
| Dewey Decimal Classification | Baccah | Central Library | Central Library | First floor | 17/03/2013 | 4 | 85 | 332.10681 AKK | 000028486 | 15/07/2025 | 11/10/2015 | Book - Borrowing |